| 000 | 00422cam a22001217a 4500 | ||
|---|---|---|---|
| 008 | 180718b2001 xxu||||| |||| 00| 0 eng d | ||
| 100 | _aFajnzylber, Pablo | ||
| 245 |
_aHow comparable are labor demand elasticities across countries? _cby Pablo Fajnzylber and William F. Maloney |
||
| 260 |
_aWashington, D.C. _bWorld Bank _c2001 |
||
| 300 | _a32p. | ||
| 440 | _aPolicy research working paper 2658 | ||
| 700 | _aMaloney, William | ||
| 999 |
_c287001 _d287001 |
||